Dactylographie_plom - Statistiques

Statistiques générales
  • Ce quiz a été pris 82 fois
  • Le résultat moyen est 92 sur 260
Statistiques - réponses
Hint Réponse % Correct
p p
100%
l l
98%
m m
96%
o o
96%
l l
93%
m m
93%
o o
93%
p p
93%
l l
89%
l l
89%
l l
89%
l l
89%
m m
89%
m m
89%
m m
89%
o o
89%
o o
89%
o o
89%
o o
89%
p p
89%
p p
89%
p p
89%
p p
89%
l l
87%
l l
87%
l l
87%
l l
87%
l l
87%
l l
87%
l l
87%
l l
87%
l l
87%
m m
87%
m m
87%
m m
87%
m m
87%
m m
87%
m m
87%
m m
87%
m m
87%
m m
87%
m m
87%
o o
87%
o o
87%
o o
87%
o o
87%
o o
87%
o o
87%
o o
87%
o o
87%
o o
87%
p p
87%
p p
87%
p p
87%
p p
87%
p p
87%
p p
87%
p p
87%
p p
87%
p p
87%
l l
85%
m m
85%
o o
85%
p p
85%
p p
85%
l l
83%
m m
80%
o o
80%
l l
78%
l l
78%
m m
78%
o o
78%
p p
78%
p p
78%
l l
76%
m m
76%
o o
76%
o o
76%
p p
76%
m m
74%
l l
72%
p p
72%
m m
67%
o o
67%
l l
65%
m m
65%
o o
65%
p p
65%
p p
61%
l l
59%
o o
57%
m m
54%
p p
54%
l l
50%
m m
48%
o o
48%
l l
46%
o o
46%
p p
46%
l l
41%
m m
41%
p p
41%
m m
39%
o o
39%
p p
39%
l l
37%
m m
35%
o o
35%
l l
33%
o o
33%
p p
33%
l l
30%
m m
30%
p p
30%
o o
28%
l l
26%
m m
26%
o o
26%
p p
26%
m m
24%
p p
24%
l l
22%
m m
17%
o o
17%
l l
15%
p p
15%
m m
13%
o o
13%
p p
13%
l l
11%
l l
11%
m m
11%
m m
11%
o o
11%
o o
11%
p p
11%
p p
11%
l l
9%
l l
9%
l l
9%
m m
9%
m m
9%
m m
9%
o o
9%
o o
9%
o o
9%
p p
9%
p p
9%
p p
9%
l l
7%
l l
7%
m m
7%
m m
7%
o o
7%
o o
7%
p p
7%
p p
7%
l l
4%
l l
4%
l l
4%
m m
4%
m m
4%
o o
4%
o o
4%
o o
4%
p p
4%
p p
4%
l l
2%
l l
2%
l l
2%
l l
2%
l l
2%
l l
2%
l l
2%
m m
2%
m m
2%
m m
2%
m m
2%
m m
2%
m m
2%
m m
2%
o o
2%
o o
2%
o o
2%
o o
2%
o o
2%
o o
2%
p p
2%
p p
2%
p p
2%
p p
2%
p p
2%
p p
2%
p p
2%
l l
0%
l l
0%
l l
0%
l l
0%
l l
0%
l l
0%
l l
0%
l l
0%
l l
0%
l l
0%
l l
0%
l l
0%
l l
0%
l l
0%
l l
0%
l l
0%
m m
0%
m m
0%
m m
0%
m m
0%
m m
0%
m m
0%
m m
0%
m m
0%
m m
0%
m m
0%
m m
0%
m m
0%
m m
0%
m m
0%
m m
0%
m m
0%
m m
0%
o o
0%
o o
0%
o o
0%
o o
0%
o o
0%
o o
0%
o o
0%
o o
0%
o o
0%
o o
0%
o o
0%
o o
0%
o o
0%
o o
0%
o o
0%
o o
0%
o o
0%
p p
0%
p p
0%
p p
0%
p p
0%
p p
0%
p p
0%
p p
0%
p p
0%
p p
0%
p p
0%
p p
0%
p p
0%
p p
0%
p p
0%
p p
0%
p p
0%
Aucun quiz correspondant
Distribution des résultats
% des personnes avec chaque résultat
Percentile par nombre de réponses
Votre historique - résultats
Vous n’avez pas pris ce quiz